000 04215ngm a22007811i 4500
003 OSt
005 20200609091755.0
008 200602p20162015cau092 g vaeng d
024 _a9555186863938
_cRM 79.90
040 _aPPAK
_beng
_cPPAK
_erda
082 0 4 _223
_a791.4334
090 0 0 _a791.4334
_bALV
_dG
240 _aAlvin And The Chipmunks [Blu-ray] : The Road Chip (Motion picture)
245 1 0 _aALVIN AND THE CHIPMUNKS :
_bTHE ROAD CHIP
_h[videorecording (Blu-ray)] /
_cFOX 2000 PICTURES AND REGENCY ENTERPRISES PRESENT ; A BAGDASARIAN COMPANY PRODUCTION ; PRODUCED BY JANICE KARMAN, ROSS BAGDASARIAN ; WRITTEN BY RANDI MAYEM SINGER AND ADAM SZTYKIEL ; DIRECTED BY WALT BECKER.
246 3 _aAlvin & the Chipmunks
246 3 _aRoad chip
264 1 _aBeverly Hills, California :
_bTwentieth Century Fox Home Entertainment,
_c2016.
264 4 _c©2015
300 _a1 videodisc ( 92 minutes) :
_bsound, colour ;
_c12 cm
306 _a009200
336 _2rdacontent
_atwo-dimensional moving image
_btdi
337 _2rdamedia
_avideo
_bv
338 _2rdacarrier
_avideodisc
_bvd
340 _2rda
_aBlu-ray video
_b12 cm
344 _adigital
_boptical
_g5.1 surround
_hDolby digital
346 _2rda
_aBlu-ray video
_bNTSC
347 _2rda
_avideo file
_bBlu-ray video
_eregion 1
365 _b79.90
_cMYR
380 _aMotion picture
500 _aTitle from container.
500 _aOriginally released as a motion picture in 2015.
500 _aBased on characters created by Ross Bagdasarian and Janice Karman.
505 _aSpecial Features:
_tAlvin and the Chipmunks: The Story So Far
_tCue the Chipmunks : The Great Big Chipmunks Music Finale
_tOur Furry Planet
_tAlvinisms
_tWETA and the Chipmunks: Animators' Reference Reel
_tAnd More
508 _aMusic by Mark Mothersbaugh ; edited by Ryan Folsey ; director of photography, Peter Lyons Collister ; production designer, Richard Holland ; director of photography, Peter Lyons Collister.
511 1 _aJason Lee, Tony Hale, Kimberly Williams-Paisley, Josh Green ; with the voice talents of Justin Long, Matthew Gray Gubler, Jesse McCartney, Kaley Cuoco, Anna Faris, Christina Applegate.
520 _aThrough a series of misunderstandings, Alvin, Simon, and Theodore come to believe that Dave is going to propose to his new girlfriend in Miami, and dump them. They have three days to get to him and stop the proposal, saving themselves not only from losing Dave but possibly from gaining a terrible stepbrother.
521 _aMPAA rating: PG; for some mile rude humor and language. CHV rating: G.
538 _aBlu-ray, region A, widescreen (2.35:1) presentation; DTS-HD Master Audio 5.1 (English), Dolby digital 5.1 (Spanish, French); descriptive audio 5.1; 50GB dual layer, AVC@27 MBPS; requires Blu-ray player.
546 _aEnglish, Spanish or French dialogue; Spanish subtitles; subtitled for the deaf and hard of hearing; described video.
650 0 _aChipmunks
_vJuvenile drama.
650 0 _aAutomobile travel
_vJuvenile drama.
655 7 _aLive-action
_2lcgft
655 7 _aAnimation films.
655 7 _aFeature films.
_2lcgft
655 7 _aFiction films.
_2lcgft
655 7 _aComedy films.
_2lcgft
700 1 _aBecker, Walt,
_d1968-
_edirector.
700 1 _aSinger, Randi Mayem,
_escreenwriter.
700 1 _aSztykiel, Adam,
_escreenwriter.
700 1 _aBagdasarian, Ross,
_ecreator.
_eproducer.
700 1 _aKarman, Janice,
_ecreator.
_eproducer.
700 1 _aLee, Jason,
_d1970-
_eactor.
700 1 _aHale, Tony,
_eactor.
700 1 _aWilliams-Paisley, Kimberly,
_d1971-
_eactor.
700 1 _aGreen, Josh,
700 1 _aLong, Justin,
_d1978-
_eactor.
700 1 _aGubler, Matthew Gray,
_d1980-
_eactor.
700 1 _aMcCartney, Jesse,
_d1987-
_eactor.
700 1 _aCuoco, Kaley,
_eactor.
700 1 _aFaris, Anna,
_d1976-
_eactor.
700 1 _aApplegate, Christina,
_d1971-
_eactor.
700 1 _aMothersbaugh, Mark,
710 2 _aFox 2000 Pictures,
_epresenter.
710 2 _aRegency Enterprises,
_epresenter.
710 2 _aBagdasarian Company,
_eproduction
710 2 _aTwentieth Century Fox Home Entertainment, Inc.,
942 _2ddc
_cB
999 _c177404
_d177404